The last empress : (Record no. 28119)

MARC details
000 -LEADER
fixed length control field 00948cam a2200253 a 4500
001 - CONTROL NUMBER
control field vtls002702460
003 - CONTROL NUMBER IDENTIFIER
control field MY-SjTCS
005 - DATE AND TIME OF LATEST TRANSACTION
control field 20200306154405.0
008 - FIXED-LENGTH DATA ELEMENTS--GENERAL INFORMATION
fixed length control field 110218s2003 enkabfc b 001 0beng
020 ## - INTERNATIONAL STANDARD BOOK NUMBER
International Standard Book Number 97804708488070 (hbk.)
020 ## - INTERNATIONAL STANDARD BOOK NUMBER
International Standard Book Number 0470848804 (hbk.)
039 #9 - LEVEL OF BIBLIOGRAPHIC CONTROL AND CODING DETAIL [OBSOLETE]
Level of rules in bibliographic description 201406270906
Level of effort used to assign nonsubject heading access points shuhada
Level of effort used to assign subject headings 201106011659
Level of effort used to assign classification shuhada
Level of effort used to assign subject headings 201106011613
Level of effort used to assign classification shuhada
Level of effort used to assign subject headings 201106011612
Level of effort used to assign classification shuhada
-- 200407271951
-- VLOAD
043 ## - GEOGRAPHIC AREA CODE
Geographic area code a-cc---
082 04 - DEWEY DECIMAL CLASSIFICATION NUMBER
Classification number 951.035092
Item number LAI 2003
100 1# - MAIN ENTRY--PERSONAL NAME
Personal name Laidler, Keith.
9 (RLIN) 16073
245 14 - TITLE STATEMENT
Title The last empress :
Remainder of title the She-Dragon of China /
Statement of responsibility, etc. Keith Laidler.
260 ## - PUBLICATION, DISTRIBUTION, ETC.
Place of publication, distribution, etc. Chichester :
Name of publisher, distributor, etc. Wiley,
Date of publication, distribution, etc. 2003.
300 ## - PHYSICAL DESCRIPTION
Extent xxvi, 290 p., [8] p. of plates :
Other physical details ill., maps, ports. ;
Dimensions 23 cm.
504 ## - BIBLIOGRAPHY, ETC. NOTE
Bibliography, etc. note Includes bibliographical references and index.
600 00 - SUBJECT ADDED ENTRY--PERSONAL NAME
Personal name Ci xi,
Titles and other words associated with a name Empress Dowager of China,
Dates associated with a name 1835-1908.
9 (RLIN) 211135
650 #0 - SUBJECT ADDED ENTRY--TOPICAL TERM
Topical term or geographic name entry element Empresses
Geographic subdivision China
Form subdivision Biography.
9 (RLIN) 52402
651 #0 - SUBJECT ADDED ENTRY--GEOGRAPHIC NAME
Geographic name China
General subdivision History
Chronological subdivision 1861-1912.
9 (RLIN) 70867
920 ## - Programme
Programme ADP : 95544
Holdings
Withdrawn status Lost status Source of classification or shelving scheme Damaged status Not for loan Home library Current library Date acquired Total Checkouts Barcode Date last seen Date last checked out Copy number Uniform Resource Identifier Koha item type Public note
    Dewey Decimal Classification     Taylor's Library-TU Taylor's Library-TU 03/06/2011 34 5000022611 05/12/2019 30/07/2015 1 Floor 4, Shelf 37 , Side 1, TierNo 4, BayNo 4 Main Collection SLASx,05000,03,GR